000 04438nab a2200337 i 4500
003 BR-BrBNA
005 20230915090054.0
008 230516b2019 bl.ar|pooa||| 00| 0 eng |
040 _aBR-BrBNA
_beng
072 _aH10
_b0336
072 _aH60
100 _aCutti, L.
100 _aMuraro, D.S.
100 _aSilva, V.A.
100 _aKaspary, T.E.
100 _aBasso, C.J.
100 _aRoggia, S.
245 _aLeaf consumption and preference to Conyza sp., conventional and bt soybean by Helicoverpa armigera
500 _aPublicação on-line; 34 ref.; 3 tables; 2 illus.; Summaries (En, Pt)
520 _a ABSTRACT - Helicoverpa armigera caterpillars are polyphagous and exhibit high migratory potential. Given the traits of this pest, alternative hosts located in or near the crop stand may support the survival and permanence of H. armigera in the field. The aim of this study was to investigate Conyza sp. as a food source for H. armigera caterpillars in scenarios with conventional and Bt soybean. Two experiments were conducted in biochemical oxygen demand incubators. The first assessed consumption of conventional soybean, Bt soybean and Conyza sp. leaves by 3rd and 5th instar caterpillars, with no choice given (no-choice test). The second test evaluated the food preference of 3rd instar H. armigera larvae, with two choices given (dual-choice test). Fifth instar larvae favored Conyza sp. leaves to Bt soybean, but preferred conventional soybean to both of these options. The survival of 3rd instar caterpillars did not differ statistically regardless of the plant species used as a food source. Fifth instar larvae fed Bt soybean exhibited lower survival rates when compared to Conyza sp. and conventional soybean. In dual-choice test arenas, soybean leaf consumption was superior to Conyza sp. Conventional soybean consumption was also greater when offered in conjunction with Bt soybean. Caterpillars offered Conyza sp. and Bt soybean leaves only consumed the weed species. Conyza sp. plants can serve as a food source for H. armigera larvae, which showed a preference for Conyza sp. leaves to Bt soybean. Keywords: weed, Glycine max, alternative host.
520 _a RESUMO - Lagartas de Helicoverpa armigera apresentam alta capacidade de migração e hábito alimentar polífago. Devido às características dessa praga, hospedeiros alternativos localizados nas proximidades ou interior da lavoura podem dar suporte para sua sobrevivência. O objetivo deste trabalho foi investigar a possibilidade de plantas de buva serem alimento para lagartas de H. armigera em cenários com soja convencional e Bt. Foram conduzidos dois experimentos em câmaras do tipo biochemical oxygen demand. O primeiro avaliou o consumo foliar de soja convencional, soja Bt e buva, sem chance de escolha, de lagartas de 3o e 5o ínstares. No segundo, avaliou-se a preferência de alimentação de lagartas H. armigera de 3o ínstar, com dupla chance de escolha. Quando avaliado o consumo foliar de lagartas de 5o ínstar, observou-se preferência por buva em relação à soja Bt, porém ambas inferiores à soja convencional. A sobrevivência de lagartas de 3o ínstar não diferiu estatisticamente, independentemente da espécie fornecida como alimento. Lagartas de 5o ínstar alimentadas com soja Bt apresentaram menor sobrevivência em comparação com buva e soja convencional. Em arenas com dupla chance de escolha, o consumo foliar de soja foi superior ao da buva. O consumo de soja convencional foi superior também quando ofertada em conjunto com a soja Bt. A oferta de buva e soja Bt apresentou consumo foliar apenas na espécie daninha. Plantas de buva podem servir de alimento para lagartas de H. armigera. As lagartas têm preferência por consumir folhas de buva, em comparação à soja Bt. Palavras-chave: planta daninha, Glycine max, hospedeiro alternativo.
650 _aERVA DANINHA
650 _aGLYCINE MAX
650 _aSOJA
650 _aHOSPEDEIRO
650 _aPRAGA DE PLANTA
773 0 _0886
_91816
_dLondrina-PR : Sociedade Brasileira da Ciência das Plantas Daninhas, 1978
_o2023-031023
_tPlanta Daninha (Brazil)
_x0100-8358; 1806-9681 (on-line)
_gv. 37 p. 1-8; (2019)
_wBR2023000382
856 _uhttps://www.scielo.br/j/pd/a/cdTWZmnZ9F5FMB79fwv8Sns/?format=pdf&lang=en
942 _cAnalítica
999 _c9130
_d9130